000 00517pab a2200169 454500
008 180718b2013 xxu||||| |||| 00| 0 eng d
100 _aKhan, Sultan
245 _aInterfaith marriages in the name of love: Prospects for marital stability amongst a group of people of Indian origin in the Durban Metropolitan Area, South Africa
260 _c2013
300 _ap.607-625.
362 _aOct-Dec
650 _aMarriage
700 _aSingh, Shanta B.
773 _aMan in India
908 _aN
909 _a102875
999 _c102873
_d102873